Quizzes
Events
Quiz Creation
Community
Videos
Private Events
Remove Ads
Sign In
Join for FREE
Feedback
Dark Mode
Quiz Categories
Sports
Geography
Music
Movies
Television
Just For Fun
Miscellaneous
History
Literature
Language
Science
Gaming
Entertainment
Religion
Holiday
For Kids
Quiz Lab
Recent
Popular Today
Quiz Kudos Today
Editor Picks
Curator Picks
Quizzes by...
Day
Popularity
Type
Ratings
Length
Year
Community
Subscriptions
Recent Discussions
Orange Saloon
Badges
Playlists
Quests
Create
Leaderboards
Showdown
Live 5
Trivia Bingo
Activity
Puzzle Library
Sporcle Events
Private Events
Virtual Trivia
Globe League
Become a Host
Pub Owners
SporcleCon
Opinionation
Our Games
Videos
Blog
Mobile Apps
Partnerships
Remove Ads and Go Orange
Feedback
Sports
Athletes
MLB
NBA
NHL
NFL
Soccer
Sports Teams
WWE
NCAA
Football
Premier League
Basketball
Baseball
Hockey
Golf
Tennis
Cricket
Rugby
Auto Racing
Olympics
World Cup
Sports
Athletes
MLB
NBA
NHL
NFL
Soccer
Sports Teams
WWE
NCAA
Football
Premier League
Basketball
Baseball
Hockey
Golf
Tennis
Cricket
Rugby
Auto Racing
Olympics
World Cup
Random Quiz
Search Sporcle
×
Quiz Lab
Quiz Lab
Sports
Premier League
Type in answers that appear in a list
Type in answers that appear in a list
Classic
Best Score? Go Orange.
Alan Hardaker Trophy Stats
Can you name the winners of the Alan Hardaker Trophy?
By
aglick
8m
34 Questions
65 Plays
65 Plays
65 Plays
Comments
Comments
Give Quiz Kudos
Give Quiz Kudos
-
- Ratings
hide this ad
More Info
Replay
Link that replays current quiz
Next Quiz
Link to next quiz in quiz playlist
You Got
0%
They Got
Avg Score
44%
Avg Friend Score
Upgrade to see
Score Distribution
Jump to the score distribution portion of the page
Score
0/34
Timer
08:00
0
Plays Today
Year
Player
% Correct
2006
Wayne Rooney
83.1%
2022
Virgil van Dijk
80%
2005
John Terry
76.9%
2007
Didier Drogba
76.9%
2015
John Terry
76.9%
2001
Robbie Fowler
72.3%
2019
Bernardo Silva
69.6%
2018
Vincent Kompany
67.4%
2020
Phil Foden
66.7%
2016
Vincent Kompany
64.6%
1998
Dennis Wise
55.4%
2017
Zlatan Ibrahimović
54.9%
1990
Des Walker
53.8%
1995
Steve McManaman
53.8%
1993
Paul Merson
50.8%
2009
Ben Foster
50.8%
2011
Ben Foster
50.8%
Year
Player
% Correct
2023
Casemiro
50%
2010
Antonio Valencia
49.2%
2012
Stewart Downing
49.2%
1992
Brian McClair
47.7%
2013
Nathan Dyer
47.7%
2003
Jerzy Dudek
46.2%
2008
Jonathan Woodgate
46.2%
1997
Steve Walsh
44.6%
2000
Matt Elliott
43.1%
2014
Samir Nasri
40%
2021
Riyad Mahrez
40%
2002
Brad Friedel
35.4%
2004
Boudewijn Zenden
33.8%
1991
Nigel Pearson
32.3%
1996
Andy Townsend
32.3%
1999
Allan Nielsen
30.8%
1994
Kevin Richardson
26.2%
Quiz Playlist
Details
Report
Send in Message
Add To Playlist
More Info:
The Alan Hardaker Trophy is an annual association football award presented to the Man of the Match in the EFL Cup final.
Classic:
Type in answers that appear in a list
Quiz Source
Last Updated: Feb 11, 2019
Quiz Scoreboard
CHALLENGE
Sign Up to Join the Scoreboard
Show All
Scores
Hide
Comments
May contain spoilers
Recently Published
Billboard Blitz: Fleetwood Mac
by CooCooCachoo
Music
15s
Presidents Visiting Landmarks
by Hejman
History
7m
An Introduction to Baseball
by treessimontrees
Sports
5m
More to Explore
Quiz From the Vault
Featured Blog Post
Where Did the Easter Bunny Come From?
hide this ad
You Might Also Like...
Tags
Football Quiz
Premier League Quiz
Soccer Quiz
Association Players
Award Recipients
Cup Winner
English Soccer
FA Trophy
Football Award
MVP Awards
Trophy Winners
Today's Top Quizzes in Sports
Browse Sports
hide this ad
Today's Top Quizzes in Premier League
Browse Premier League
Top Contributed Quizzes in Sports
1
Les meilleurs buteurs des matchs entre le PSG et l’OM
2
2022 World Cup Stars
3
FIFA Club World Cup Champions
4
Les entraîneurs de l'OM et du PSG au 21e siècle
5
Criteria MLB: Left Handed Sluggers
6
Name the Premier League winners with different clubs
7
5-to-1: UK Sports Teams
8
AFC Teams Reveal (Wrong Answers Minefield)
9
Players with Multiple 50 Home Run Seasons
10
5-to-1: FBS Animal Nicknames
Explore More
Trending Topics
Kpop
NBA
Disney
Marvel
Anime
Harry Potter
Crossword
NFL
Pokémon
Puzzle
WWE
Country
Song
Soccer
The Office
hide this ad
More By:
aglick
Quiz
Plays
Rating
Category
Featured
Created
NBA Players Rainbow
134,319
4.44
Sports
Jan 15, 2019
Anyone but LeBron James
101,645
4.60
Sports
Mar 13, 2018
Soccer Players Rainbow
61,890
4.50
Sports
Jan 18, 2019
Anyone but Michael Jordan
59,937
4.53
Sports
Mar 13, 2018
Movies at the Half-Hour Mark (2010s)
53,761
4.55
Movies
Feb 20, 2020
Go to Creator's Profile
Score Distribution
Quiz Creator Spotlight
aglick
Follow
Send a Message
Quizzes Created
-
Created Quiz Play Count
-
More By This Creator
Popular Quizzes Today
1
Find the US States - No Outlines Minefield
2
Find the Countries of Europe - No Outlines Minefield
3
The Countries of the World
4
Find the US States
5
US States
6
Popular People in 1961
7
Risky Map Clicking: Biggest States A-Z
8
Movies - When Are They Set?
More Sports Quizzes
One Gets the Lot: Super Bowl
Editor's Pick
Trending Quizzes
Risky Map Clicking: Least Populous States A-Z
1-10 Letter G Words
1-10 Letter F Words
Risky Map Clicking: Next State Alphabetically
Risky Map Clicking: Biggest States A-Z
Recently Updated
Leaping Animals
pecheneg
Reality TV Shows (A-Z)
bhenderson79
Rickey Henderson's Hall of Fame Teammates
pecheneg
Champions League XIs: Arsenal
pecheneg
Quick Pick: Celebrities in WWE's Hall of Fame
aduchscher
A-Z Keypad Blitz II
pecheneg
Multiple Oscar Actors
pecheneg
Mystery Phrase Blitz: Oscar 'Best Actors'
pecheneg
F. Scott Fitzgerald Novels
LTH
Pick 3 Villains
ddd62291
Trending Topics
Kpop
Disney
Crossword
Harry Potter
Marvel
Anime
NBA
Country
Pokémon
The Office
WWE
Soccer
Puzzle
NFL
Song
Your Account Isn't Verified!
In order to create a playlist on Sporcle, you need to verify the email address you used during registration. Go to your
Sporcle Settings
to finish the process.
Report this User
Report this user for behavior that violates our
Community Guidelines
.
Details:
Send Report
Go to the Sporcle.com Mobile Site →
Comments